| 000 | 00894nam a22001815i 4500 | ||
|---|---|---|---|
| 001 | 163804 | ||
| 003 | ES-MaACL | ||
| 005 | 20230906212820.0 | ||
| 008 | 020513s1872 sp |||| | spa d | ||
| 040 |
_aCAM _bspa _cCAM |
||
| 100 | 1 |
_aRodríguez Rubí, Juan. _9131952 |
|
| 245 | 1 | 3 |
_aLa aurora del bien _b: comedia en tres actos y en verso / _coriginal de Juan Rodriguez Rubí. |
| 260 |
_aMadrid : _b[s.n.], _c1872 ( _fImprenta de José Rodriguez) |
||
| 300 |
_a75 p. ; _c20 cm. |
||
| 500 | _aEn port.: Estrenada en el teatro Martín de esta corte, la noche del 12 de marzo de 1872. | ||
| 596 | _aEn verso de port. consta: "... de la Galería lírica y dramática de Los Bufos Arderius ..." | ||
| 852 |
_aES-MaACL _jF-8586(2) _z-- Enc. pasta española _z-- Enc. en un vol. facticio, formando parte de la col. facticia: "Teatro español moderno", vol. 39 _z.- Dedicatoria manuscrita del autor |
||
| 999 |
_c163804 _d163804 |
||